Los grupos de presión

সংরক্ষণ করুন:
গ্রন্থ-পঞ্জীর বিবরন
প্রধান লেখক: Cigler, Allan J (Author), Loomis, Burdett A (Author)
বিন্যাস: গ্রন্থ
ভাষা:স্প্যানিশ
প্রকাশিত: Buenos Aires Fraterna 1988
বিষয়গুলি:
ট্যাগগুলো: ট্যাগ যুক্ত করুন
কোনো ট্যাগ নেই, প্রথমজন হিসাবে ট্যাগ করুন!

MARC

LEADER 00000nam a2200000 a 4500
001 UCH3042
003 CL-VaPUC
008 090709e19880000AG |||||||||||||||||spa|d
020 |a 9509097799 
082 0 4 |a 324.4  |b CIG  |2 21 
100 0 |a Cigler, Allan J  |e author  |9 538200 
700 0 |a Loomis, Burdett A  |e author  |9 538201 
245 1 4 |a Los grupos de presión 
300 |a 537 p 
942 |c BK 
945 |d 20090709 00:00:00  |a dcastane 
260 |a Buenos Aires  |b Fraterna  |c 1988 
650 7 |a GRUPOS DE PRESION  |2 CL-VaPUC  |9 255505 
650 0 |a Política  |9 255312 
650 0 |a Gobierno   |9 255508 
650 7 |a POLITICA INTERNA  |2 CL-VaPUC  |9 342443 
650 7 |a LOBBY  |2 CL-VaPUC  |9 538202 
583 |a last modification  |c 20090709 00:00:00  |k Rodrigo Vera 
999 |c 334699  |d 334697 
952 |0 0  |1 0  |4 0  |6 324_400000000000000_CIG_1988  |7 0  |8 X  |9 423832  |a FDOBUD  |b FDOBUD  |d 2019-11-22  |i 4556801  |o 324.4 CIG 1988  |p 4556801  |r 2019-11-22  |w 2019-11-22  |y BK_X  |k BUD